(Record no. 187309)

MARC details
000 -LEADER
fixed length control field 00470nam a2200157Ia 4500
003 - CONTROL NUMBER IDENTIFIER
control field IQ-KOUCL
041 ## - LANGUAGE CODE
Language code of text/sound track or separate title Kurdish
082 ## - DEWEY DECIMAL CLASSIFICATION NUMBER
Classification number 222,8 cut-582 ز
100 ## - MAIN ENTRY--PERSONAL NAME
Personal name 20260118u\\\\\\\\\\\y0engy0103\\\\ba
Personal name مەلا سعید زمناکۆیى
245 #0 - TITLE STATEMENT
Title تەفسیرى زمناکۆیى جزمى٦ و ٧ - بەرگى پێنجەم
250 ## - EDITION STATEMENT
Edition statement چ1
260 ## - PUBLICATION, DISTRIBUTION, ETC. (IMPRINT)
Name of publisher, distributor, etc چاپخانەیى ئۆفسێتى بابان
Place of publication, distribution, etc هەولیر
Date of publication, distribution, etc 2000
300 ## - PHYSICAL DESCRIPTION
Extent 340
942 ## - ADDED ENTRY ELEMENTS (KOHA)
Koha item type Books
Holdings
Withdrawn status Lost status Damaged status Not for loan Collection code Home library Current library Shelving location Date acquired Total Checkouts Full call number Barcode Date last seen Copy number Price effective from Koha item type
          Koya University Central Library Koya University Central Library Books 18/01/2026   222,8 cut-582 ز 0000090933 18/01/2026 1 18/01/2026 Books